[Event "11e tournoi d'automne - tournoi B"]
[Site "Montigny le Bretonneux"]
[Date "2012.10.27"]
[Round "1.4"]
[White "Bouvier, Clement"]
[Black "Rousseau, Philippe"]
[Result "1-0"]
[WhiteElo "1905"]
[BlackElo "1843"]
[PlyCount "67"]
[EventDate "2012.10.??"]
[EventType "tourn"]
[EventRounds "9"]
[EventCountry "FRA"]
[SourceDate "2005.09.12"]

{Défense française} 1. e4 e6 2. Nf3 d5 3. e5 c5 4. b4 cxb4 5. d4 Nc6 6. a3 Bd7
7. axb4 Bxb4+ 8. c3 Be7 9. Bd3 f5 10. Na3 a6 11. h4 h6 12. g3 Rc8 13. h5 Na5
14. Nb1 Qb6 15. Bc2 Nc4 16. Nh4 Bxh4 17. Rxh4 Ne7 18. g4 Qd8 19. Rh3 Bb5 20.
gxf5 exf5 21. Rg3 Kf7 22. Qf3 Qd7 23. Na3 Bc6 24. Qf4 Rcg8 25. Nxc4 dxc4 26.
Ba3 g5 27. hxg6+ Nxg6 28. Rxg6 Kxg6 29. Qg4+ Kf7 30. Qh5+ Kg7 31. Bxf5 Qe8 32.
Qg4+ Kf7 33. Qf4 Rg5 34. Bd7+ 1-0

[Event "11e tournoi d'automne - tournoi B"]
[Site "Montigny le Bretonneux"]
[Date "2012.10.27"]
[Round "1.5"]
[White "Fayolle, Guy"]
[Black "Gazay, Didier"]
[Result "1-0"]
[WhiteElo "1801"]
[BlackElo "1837"]
[PlyCount "110"]
[EventDate "2012.10.??"]
[EventType "tourn"]
[EventRounds "9"]
[EventCountry "FRA"]
[SourceDate "2005.09.12"]

{Défense française, variante Tarrasch fermée} 1. e4 e6 2. d4 d5 3. Nd2 Nf6 4.
e5 Nfd7 5. Ne2 c5 6. f4 Nc6 7. Nf3 Be7 8. g3 cxd4 9. Nexd4 Nxd4 10. Nxd4 a6 11.
c3 Qc7 12. Qg4 g6 13. Bd2 Nc5 14. Qe2 Bd7 15. Bg2 Na4 16. Be3 b5 17. O-O Rc8
18. g4 Bh4 19. Nf3 Be7 20. Rac1 Qc4 21. Qxc4 bxc4 22. Rc2 Bc5 23. Nd4 O-O 24.
f5 Rb8 25. Bc1 f6 26. Kh1 Bxd4 27. cxd4 fxe5 28. dxe5 Rb5 29. f6 Kf7 30. Rff2
Nc5 31. Bf1 Bc6 32. Kg1 Nd7 33. Bf4 Ra5 34. b3 cxb3 35. axb3 Bb5 36. Rc7 Rd8
37. Rb7 Bxf1 38. Kxf1 Rb5 39. Rxb5 axb5 40. Rc2 Nb6 41. Rc5 d4 42. Rxb5 Nd5 43.
Rb7+ Kg8 44. Bh6 Ne3+ 45. Ke2 Nxg4 46. f7+ Kh8 47. f8=Q+ Rxf8 48. Bxf8 d3+ 49.
Kxd3 Nxe5+ 50. Ke4 Ng4 51. h3 Nf2+ 52. Ke5 Nxh3 53. Kf6 h5 54. Bh6 e5 55. Kxg6
Nf4+ 1-0

[Event "11e tournoi d'automne - tournoi C"]
[Site "Montigny le Bretonneux"]
[Date "2012.10.27"]
[Round "1.1"]
[White "Krestinine, Michka"]
[Black "Urtado, Olivier"]
[Result "0-1"]
[WhiteElo "1505"]
[BlackElo "1626"]
[PlyCount "72"]
[EventDate "2012.10.??"]
[EventType "tourn"]
[EventRounds "9"]
[EventCountry "FRA"]
[SourceDate "2005.09.12"]

{Défense sicilienne, variante du dragon} 1. e4 c5 2. Nf3 d6 3. d4 cxd4 4. Nxd4
Nf6 5. Nc3 g6 6. Bc4 Bg7 7. O-O O-O 8. Bg5 Nc6 9. Nxc6 bxc6 10. Qd3 Bb7 11. f4
Qb6+ 12. Kh1 d5 13. exd5 cxd5 14. Bxf6 dxc4 15. Qxc4 Bxf6 16. b3 Ba6 17. Nd5
Bxc4 18. Nxb6 Bxf1 19. Nxa8 Bxa1 20. Nc7 Rd8 21. c4 Rd2 22. h3 Rxg2 23. Nd5 Re2
24. c5 Bg2+ 25. Kg1 Bxd5 26. c6 Bxc6 27. f5 Bd4+ 28. Kf1 Rxa2 29. f6 exf6 30.
h4 Bg2+ 31. Ke1 Bf2+ 32. Kd1 Bf3+ 33. Kc1 Be3+ 34. Kb1 Rh2 35. b4 Be4+ 36. Ka1
Bd4# 0-1

[Event "11e tournoi d'automne - tournoi C"]
[Site "Montigny le Bretonneux"]
[Date "2012.10.27"]
[Round "1.2"]
[White "Engel, Gerard"]
[Black "Rousseau, Matthieu"]
[Result "1-0"]
[WhiteElo "1684"]
[BlackElo "1620"]
[PlyCount "112"]
[EventDate "2012.10.??"]
[EventType "tourn"]
[EventRounds "9"]
[EventCountry "FRA"]
[SourceDate "2005.09.12"]

{Défense française, variante d'avance} 1. e4 e6 2. d4 d5 3. Nd2 c5 4. c3 Nc6 5.
Ngf3 Bd7 6. e5 cxd4 7. cxd4 Qb6 8. Nb3 Rc8 9. Be2 Bb4+ 10. Bd2 Bxd2+ 11. Qxd2
Nb4 12. Nc5 Rc7 13. O-O Ne7 14. a3 Nbc6 15. b4 a6 16. Rac1 O-O 17. Rfd1 Rd8 18.
Bd3 Kh8 19. Qg5 h6 20. Qh4 Re8 21. Qf4 Rf8 22. Nh4 Nf5 23. Nxf5 exf5 24. Nxd7
Rxd7 25. Qxf5 g6 26. Qxd7 Nxd4 27. Rc8 Rxc8 28. Qxc8+ Kg7 29. Qc5 Qxc5 30. bxc5
Nc6 31. f4 g5 32. g3 f6 33. exf6+ Kxf6 34. fxg5+ hxg5 35. Rf1+ Ke5 36. Rd1 d4
37. Rf1 Kd5 38. Rf5+ Ne5 39. Rxg5 Ke6 40. Rxe5+ Kxe5 41. c6 bxc6 42. h4 c5 43.
h5 Kd5 44. Kf1 c4 45. Ke2 Ke5 46. Bxc4 a5 47. g4 Kf6 48. h6 Kg6 49. g5 a4 50.
Bd3+ Kf7 51. g6+ Kg8 52. Bc4+ Kh8 53. g7+ Kh7 54. g8=Q+ Kxh6 55. Kf3 d3 56.
Bxd3 Kh5 1-0

[Event "11e tournoi d'automne - tournoi C"]
[Site "Montigny le Bretonneux"]
[Date "2012.10.27"]
[Round "1.3"]
[White "Franiatte, Sylvain"]
[Black "Bouloc, Roger"]
[Result "1-0"]
[WhiteElo "1447"]
[BlackElo "1450"]
[PlyCount "141"]
[EventDate "2012.10.??"]
[EventType "tourn"]
[EventRounds "9"]
[EventCountry "FRA"]
[SourceDate "2005.09.12"]

{Gambit dame} 1. d4 d5 2. c4 e6 3. Nc3 Nf6 4. Bg5 Nc6 5. Nf3 Be7 6. e3 O-O 7.
cxd5 exd5 8. Bd3 Bg4 9. h3 Bh5 10. O-O Nb4 11. Be2 Ne4 12. Bxe7 Qxe7 13. a3
Nxc3 14. bxc3 Nc6 15. Rb1 Rab8 16. Qa4 a6 17. Rfe1 Qf6 18. Qb3 Rfd8 19. Nd2 Bg6
20. Rb2 h6 21. c4 Ne7 22. cxd5 Nxd5 23. Bd3 c6 24. Be4 Kh8 25. Qd3 Bxe4 26.
Nxe4 Qg6 27. Nc5 Qxd3 28. Nxd3 Re8 29. Rb3 Re7 30. Reb1 f6 31. Nc5 b6 32. Nxa6
Ra8 33. Nb4 Nxb4 34. Rxb4 Rxa3 35. Rxb6 Rc3 36. Rb8+ Kh7 37. Rc8 Rc2 38. Rb6
Ra7 39. Rbxc6 Ra1+ 40. Kh2 Rxf2 41. Rc2 Ra2 42. Rxf2 Rxf2 43. Kg3 Rd2 44. Kf3
Kg6 45. Rd8 Kf7 46. Rd7+ Kg6 47. g3 Rh2 48. h4 h5 49. e4 Rh1 50. d5 Rd1 51. g4
Rf1+ 52. Kg2 Rf4 53. gxh5+ Kxh5 54. Rxg7 Rxe4 55. Kf3 Rxh4 56. Ke3 Kh6 57. Rg1
Rh5 58. Ke4 Re5+ 59. Kd4 Re8 60. Kc5 f5 61. d6 Kh5 62. d7 Rd8 63. Kc6 f4 64.
Kc7 Rxd7+ 65. Kxd7 Kh4 66. Ke6 f3 67. Kf5 Kh3 68. Kf4 Kh2 69. Rf1 Kg2 70. Rxf3
Kg1 71. Kg3 1-0

[Event "11e tournoi d'automne - tournoi A"]
[Site "Montigny le Bretonneux"]
[Date "2012.10.28"]
[Round "2.1"]
[White "Trommsdorf, Fro"]
[Black "Van Dongen, Patrick"]
[Result "0-1"]
[WhiteElo "2040"]
[BlackElo "2320"]
[PlyCount "92"]
[EventDate "2012.10.??"]
[EventType "tourn"]
[EventRounds "9"]
[EventCountry "FRA"]
[SourceDate "2005.09.12"]

{Gambit dame, défense slave} 1. Nf3 Nf6 2. d4 d5 3. c4 c6 4. Nc3 a6 5. b3 Bf5
6. Bd2 h6 7. e3 e6 8. Ne5 Nbd7 9. Bd3 Nxe5 10. Bxf5 Nxc4 11. bxc4 exf5 12. Qb3
b5 13. cxd5 cxd5 14. f3 Bd6 15. Ke2 Be7 16. Rhc1 O-O 17. a4 b4 18. Nd1 Qd6 19.
g3 a5 20. Qd3 Qd7 21. Nb2 Rfc8 22. Rxc8+ Rxc8 23. Rc1 Rxc1 24. Bxc1 h5 25. Bd2
f4 26. Qb1 Qh3 27. Qg1 fxg3 28. Qxg3 Qxg3 29. hxg3 Bd6 30. Be1 Nd7 31. e4 Nb6
32. Kd3 Kf8 33. Kc2 Ke8 34. Kb3 Kd7 35. Nd3 g5 36. Nb2 Ke6 37. Nd3 Nd7 38. Bf2
f6 39. Kc2 g4 40. exd5+ Kxd5 41. fxg4 hxg4 42. Nc1 Ke4 43. Nb3 Kf3 44. Be1 Bxg3
45. Bxg3 Kxg3 46. Nxa5 Kf2 0-1

[Event "11e tournoi d'automne - tournoi A"]
[Site "Montigny le Bretonneux"]
[Date "2012.10.28"]
[Round "2.2"]
[White "Smati, Reda"]
[Black "Ben Khelifa, Noomene"]
[Result "1/2-1/2"]
[WhiteElo "2011"]
[BlackElo "2093"]
[PlyCount "44"]
[EventDate "2012.10.??"]
[EventType "tourn"]
[EventRounds "9"]
[EventCountry "FRA"]
[SourceDate "2005.09.12"]

{Défense sicilienne, variante Najdorf} 1. e4 c5 2. Nf3 d6 3. d4 cxd4 4. Nxd4
Nf6 5. Nc3 a6 6. f3 e5 7. Nb3 Be6 8. Bg5 Nbd7 9. Qd2 h6 10. Be3 b5 11. g4 Nb6
12. Qf2 Nfd7 13. Rd1 b4 14. Nd5 Bxd5 15. exd5 Be7 16. h4 a5 17. Bb5 O-O 18. Bc6
Ra6 19. Bb5 Ra8 20. Bc6 Ra6 21. Bb5 Ra8 22. Bc6 Ra6 1/2-1/2

[Event "11e tournoi d'automne - tournoi A"]
[Site "Montigny le Bretonneux"]
[Date "2012.10.28"]
[Round "2.3"]
[White "Forissier, Nicolas"]
[Black "Gouanelle, Franck"]
[Result "0-1"]
[WhiteElo "1938"]
[BlackElo "2100"]
[PlyCount "70"]
[EventDate "2012.10.??"]
[EventType "tourn"]
[EventRounds "9"]
[EventCountry "FRA"]
[SourceDate "2005.09.12"]

{Gambit dame, défense semi-slave} 1. d4 d5 2. c4 e6 3. Nc3 c6 4. e3 Nf6 5. Nf3
Nbd7 6. Bd2 Bd6 7. Bd3 O-O 8. O-O dxc4 9. Bxc4 e5 10. Qc2 Qe7 11. Ng5 h6 12.
Nge4 Bc7 13. d5 cxd5 14. Bxd5 Nxe4 15. Bxe4 Nf6 16. Nd5 Nxd5 17. Bxd5 Rd8 18.
e4 Bb6 19. Qb3 Be6 20. Bb4 Qf6 21. Bxe6 Qxe6 22. Qxe6 fxe6 23. Rad1 Rd4 24.
Rfe1 Rxb4 25. b3 Rf8 26. Re2 Rd4 27. Rc1 Rfd8 28. h3 Rd1+ 29. Rxd1 Rxd1+ 30.
Kh2 Rc1 31. Kg3 Kf7 32. Rd2 Bd4 33. Kg4 g6 34. f4 Kf6 35. g3 Re1 0-1

[Event "11e tournoi d'automne - tournoi A"]
[Site "Montigny le Bretonneux"]
[Date "2012.10.28"]
[Round "2.4"]
[White "Veron, Cyprien"]
[Black "Plantet, Marc"]
[Result "1-0"]
[WhiteElo "2052"]
[BlackElo "1869"]
[PlyCount "67"]
[EventDate "2012.10.??"]
[EventType "tourn"]
[EventRounds "9"]
[EventCountry "FRA"]
[SourceDate "2005.09.12"]

{Gambit dame, défense semi-slave} 1. Nf3 Nf6 2. c4 e6 3. Nc3 d5 4. d4 c6 5. e3
Nbd7 6. Qc2 Bd6 7. g4 Nxg4 8. Rg1 Qf6 9. Rxg4 Qxf3 10. Rxg7 Nf8 11. Rg1 Bxh2
12. Be2 Qf6 13. Rg2 Bc7 14. cxd5 exd5 15. Nxd5 Ba5+ 16. Nc3 Ng6 17. Bd2 Nh4 18.
Rg3 Be6 19. d5 Bd7 20. Ne4 Bxd2+ 21. Qxd2 Qe5 22. dxc6 Bxc6 23. Nd6+ Kf8 24.
O-O-O Qc5+ 25. Nc4 Nf5 26. Rg5 Ke7 27. b4 Qb5 28. Nd6 Qe5 29. Rxf5 Qa1+ 30. Kc2
Qxa2+ 31. Kc3 Qa3+ 32. Kc4 Qa6+ 33. Kb3 Ba4+ 34. Kb2 1-0

[Event "11e tournoi d'automne - tournoi A"]
[Site "Montigny le Bretonneux"]
[Date "2012.10.28"]
[Round "2.5"]
[White "Fruchard, Cyrille"]
[Black "Girard, Eric"]
[Result "1/2-1/2"]
[WhiteElo "1902"]
[BlackElo "2122"]
[PlyCount "68"]
[EventDate "2012.10.??"]
[EventType "tourn"]
[EventRounds "9"]
[EventCountry "FRA"]
[SourceDate "2005.09.12"]

{Défense hollandaise} 1. d4 e6 2. c4 f5 3. Nc3 Nf6 4. Nf3 Bb4 5. Bf4 O-O 6. e3
b6 7. Bd3 Bb7 8. O-O Bxc3 9. bxc3 d6 10. Re1 Nbd7 11. Bg5 Qe8 12. Bxf6 Nxf6 13.
Nd2 Qg6 14. f3 e5 15. Qc2 e4 16. fxe4 fxe4 17. Be2 Qg5 18. Nf1 Rae8 19. Qd2 Bc8
20. Ng3 h5 21. Rf1 h4 22. Nh1 Bh3 23. Rf2 Re7 24. Raf1 Ref7 25. Bd1 c6 26. Rf4
Be6 27. Be2 Qh6 28. Qc1 g5 29. R4f2 g4 30. g3 h3 31. Rf4 Qg5 32. Nf2 d5 33.
cxd5 cxd5 34. Nd1 Ne8 1/2-1/2

[Event "11e tournoi d'automne - tournoi B"]
[Site "Montigny le Bretonneux"]
[Date "2012.10.28"]
[Round "2.1"]
[White "Conq, Alain"]
[Black "Gazay, Didier"]
[Result "0-1"]
[WhiteElo "1853"]
[BlackElo "1837"]
[PlyCount "74"]
[EventDate "2012.10.??"]
[EventType "tourn"]
[EventRounds "9"]
[EventCountry "FRA"]
[SourceDate "2005.09.12"]

{Gambit dame accepté} 1. d4 d5 2. c4 dxc4 3. e3 Nf6 4. Bxc4 e6 5. Nf3 Nbd7 6.
O-O Bd6 7. Nc3 a6 8. a4 O-O 9. e4 e5 10. Bg5 Qe8 11. Bxf6 Nxf6 12. dxe5 Bxe5
13. Nxe5 Qxe5 14. Qc2 Ng4 15. g3 Kh8 16. Rad1 c6 17. b4 Qh5 18. h4 Ne5 19. Be2
Bg4 20. Kg2 Bf3+ 21. Bxf3 Qxf3+ 22. Kg1 f5 23. Rde1 f4 24. Ne2 Qg4 25. Nd4 Rad8
26. Rd1 Rxd4 27. Rxd4 Nf3+ 28. Kg2 Nxh4+ 29. Kh2 Nf3+ 30. Kg2 Nxd4 31. Qc5 f3+
32. Kh2 Ne6 33. Qe7 Rf6 34. Qe8+ Nf8 35. Rd1 Qg5 36. e5 Qh6+ 37. Kg1 Qh3 0-1

[Event "11e tournoi d'automne - tournoi B"]
[Site "Montigny le Bretonneux"]
[Date "2012.10.28"]
[Round "2.2"]
[White "Rousseau, Philippe"]
[Black "Fayolle, Guy"]
[Result "1/2-1/2"]
[WhiteElo "1843"]
[BlackElo "1801"]
[PlyCount "104"]
[EventDate "2012.10.??"]
[EventType "tourn"]
[EventRounds "9"]
[EventCountry "FRA"]
[SourceDate "2005.09.12"]

{Partie espagnole, défense berlinoise ouverte} 1. e4 e5 2. Nf3 Nc6 3. Bb5 Nf6
4. O-O Nxe4 5. Re1 Nd6 6. Bxc6 dxc6 7. Nxe5 Be7 8. Qe2 Be6 9. d3 Nf5 10. c3 O-O
11. Bf4 Bd6 12. Nd2 Re8 13. Bg3 Nxg3 14. hxg3 Bxe5 15. Qxe5 Qxd3 16. Nf3 Qd6
17. Qg5 Bd5 18. Rxe8+ Rxe8 19. Nd4 Qe5 20. Qd2 Qe4 21. f3 Qe3+ 22. Qf2 g6 23.
a3 a6 24. Nc2 Qxf2+ 25. Kxf2 Kg7 26. Ne3 Re7 27. Rd1 Be6 28. Rd2 Rd7 29. Nc4
Rxd2+ 30. Nxd2 f5 31. Ke3 Kf6 32. Kd4 b6 33. b4 h5 34. f4 Bd5 35. c4 Bxg2 36.
c5 b5 37. Nb1 g5 38. Ke3 Kg6 39. Kf2 Be4 40. Nc3 gxf4 41. gxf4 h4 42. Nd1 Kh5
43. Ne3 Kg6 44. Kg1 Bf3 45. Kf2 Bg4 46. Nc2 h3 47. Kg3 h2 48. Kxh2 Bf3 49. Kg3
Be4 50. Nd4 Kf6 51. Kh4 Bd5 52. Kh5 Be4 1/2-1/2

[Event "11e tournoi d'automne - tournoi B"]
[Site "Montigny le Bretonneux"]
[Date "2012.10.28"]
[Round "2.3"]
[White "Mabelly, Rudy"]
[Black "Bouvier, Clement"]
[Result "1-0"]
[WhiteElo "1789"]
[BlackElo "1905"]
[PlyCount "35"]
[EventDate "2012.10.??"]
[EventType "tourn"]
[EventRounds "9"]
[EventCountry "FRA"]
[SourceDate "2005.09.12"]

{Défense Caro-Kann, variante principale} 1. e4 c6 2. d4 d5 3. Nc3 dxe4 4. Nxe4
Bf5 5. Ng3 Bg6 6. Nf3 Nd7 7. h4 h6 8. h5 Bh7 9. Bd3 Bxd3 10. Qxd3 e6 11. Bd2
Qc7 12. c4 Ngf6 13. Bc3 O-O-O 14. O-O-O c5 15. d5 exd5 16. cxd5 Bd6 17. Nf5 Ne5
18. Nxd6+ 1-0

[Event "11e tournoi d'automne - tournoi B"]
[Site "Montigny le Bretonneux"]
[Date "2012.10.28"]
[Round "2.4"]
[White "Duval, Dominique"]
[Black "Jean, Robert"]
[Result "0-1"]
[WhiteElo "1770"]
[BlackElo "1725"]
[PlyCount "90"]
[EventDate "2012.10.??"]
[EventType "tourn"]
[EventRounds "9"]
[EventCountry "FRA"]
[SourceDate "2005.09.12"]

{Défense est-indienne} 1. d4 Nf6 2. Nf3 g6 3. c4 Bg7 4. e3 O-O 5. Be2 d6 6. Nc3
Nbd7 7. O-O c5 8. Qc2 a6 9. dxc5 dxc5 10. Rd1 e6 11. b3 Qc7 12. Bb2 b6 13. Rac1
Bb7 14. Nd2 Ne5 15. f3 Bh6 16. Nf1 Nc6 17. a3 Bg7 18. Ng3 Ne7 19. Nb1 h5 20.
Nd2 Rad8 21. Bc3 Ne8 22. Bxg7 Nxg7 23. Nde4 Qe5 24. f4 Bxe4 25. Nxe4 Qc7 26.
Nf6+ Kh8 27. Bf3 Nef5 28. Kf2 e5 29. Nd5 Qb8 30. g3 exf4 31. gxf4 Rfe8 32. Rg1
Rxd5 33. cxd5 Nxe3 34. Qc3 Qxf4 35. Ra1 Qxh2+ 36. Rg2 Nxg2 37. Bxg2 Qf4+ 38.
Kg1 Qe3+ 39. Qxe3 Rxe3 40. Rd1 Re8 41. d6 Rd8 42. d7 Nf5 43. Bc6 Nd4 44. Re1
Nxc6 45. Re8+ Kg7 0-1

[Event "11e tournoi d'automne - tournoi B"]
[Site "Montigny le Bretonneux"]
[Date "2012.10.28"]
[Round "2.5"]
[White "Couradin, Bruno"]
[Black "Branson, James"]
[Result "0-1"]
[WhiteElo "1752"]
[BlackElo "1705"]
[PlyCount "70"]
[EventDate "2012.10.??"]
[EventType "tourn"]
[EventRounds "9"]
[EventCountry "FRA"]
[SourceDate "2005.09.12"]

{Défense Philidor} 1. e4 e5 2. Bc4 Nf6 3. Nc3 Be7 4. Nf3 d6 5. Ng5 O-O 6. O-O
h6 7. Nxf7 Rxf7 8. Bxf7+ Kxf7 9. f4 Bg4 10. Qe1 c6 11. fxe5 dxe5 12. Qg3 Qd4+
13. Kh1 Bh5 14. d3 Nbd7 15. Be3 Qd6 16. Rf2 Rg8 17. Qh3 Ke8 18. Bxa7 Bf7 19.
Be3 Be6 20. Qg3 Ng4 21. Rf3 Nxe3 22. Qg6+ Kd8 23. Rxe3 Nf6 24. h3 Bd7 25. Rf1
Be8 26. Qg3 Nh5 27. Qh2 Rf8 28. Rxf8 Bxf8 29. Rf3 Be7 30. Rf5 Bf6 31. d4 Qxd4
32. Rf1 Ke7 33. g4 Nf4 34. Rd1 Qe3 35. h4 Qf3+ 0-1

[Event "11e tournoi d'automne - tournoi C"]
[Site "Montigny le Bretonneux"]
[Date "2012.10.28"]
[Round "2.2"]
[White "Bouloc, Roger"]
[Black "Mongey, Alain"]
[Result "0-1"]
[WhiteElo "1450"]
[BlackElo "1652"]
[PlyCount "92"]
[EventDate "2012.10.??"]
[EventType "tourn"]
[EventRounds "9"]
[EventCountry "FRA"]
[SourceDate "2005.09.12"]

{Défense française, variante Tarrasch fermée} 1. e4 e6 2. d4 d5 3. Nd2 Nf6 4.
e5 Nfd7 5. Bd3 c5 6. c3 Nc6 7. Ne2 cxd4 8. cxd4 Qb6 9. Nb3 Be7 10. O-O O-O 11.
Be3 f6 12. exf6 Nxf6 13. Ng3 Bd6 14. Nh5 Qc7 15. Nxf6+ Rxf6 16. Qh5 g6 17. Qh6
Ne7 18. Bg5 Nf5 19. Qh3 Rf7 20. Rac1 Qb6 21. Be3 Qd8 22. Bd2 b6 23. Bc3 Ng7 24.
Nd2 e5 25. Qe3 e4 26. Bb1 Bf4 27. Qe2 a5 28. Bxe4 dxe4 29. Qxe4 Bb7 30. Qd3 Ba6
31. Qe4 Bxf1 32. Rxf1 Raa7 33. d5 Rae7 34. Qc4 Be5 35. Ne4 Bxc3 36. bxc3 Rd7
37. Rd1 Nf5 38. d6 Nxd6 39. Nxd6 Rxd6 40. Rxd6 Qxd6 41. g3 Qd1+ 42. Kg2 Qf3+
43. Kh3 Qxf2 44. Qd5 Qf1+ 45. Kh4 Qf6+ 46. Kh3 Qf5+ 0-1

[Event "11e tournoi d'automne - tournoi C"]
[Site "Montigny le Bretonneux"]
[Date "2012.10.28"]
[Round "2.3"]
[White "Rousseau, Matthieu"]
[Black "Franiatte, Sylvain"]
[Result "1/2-1/2"]
[WhiteElo "1620"]
[BlackElo "1447"]
[PlyCount "118"]
[EventDate "2012.10.??"]
[EventType "tourn"]
[EventRounds "9"]
[EventCountry "FRA"]
[SourceDate "2005.09.12"]

{Partie du pion dame} 1. d4 d5 2. e3 Nf6 3. Nc3 Bf5 4. Nf3 Nc6 5. a3 e6 6. Be2
Bd6 7. Nh4 Be4 8. Nxe4 Nxe4 9. Nf3 O-O 10. Nd2 Qf6 11. Nxe4 dxe4 12. O-O Rad8
13. c4 Ne7 14. Qc2 b6 15. Qxe4 Rfe8 16. Qf3 Qh6 17. g3 Qg6 18. e4 e5 19. d5 c6
20. Bd3 Bb8 21. Bd2 cxd5 22. exd5 Qd6 23. Rfe1 Nxd5 24. cxd5 Qxd5 25. Qxd5 Rxd5
26. Re3 e4 27. Bxe4 Rxd2 28. Bxh7+ Kf8 29. Rxe8+ Kxe8 30. Rc1 Rd8 31. Bc2 Kf8
32. Rd1 Rxd1+ 33. Bxd1 Be5 34. b4 Bb2 35. a4 Ba3 36. b5 Bc5 37. Kf1 Ke7 38. f3
f6 39. h4 g5 40. h5 Kf7 41. Ke2 Kg7 42. g4 Kh6 43. Kd3 f5 44. Kc4 fxg4 45. fxg4
Kg7 46. Kd5 Bb4 47. Kc6 Ba5 48. Kb7 Kh6 49. Kxa7 Kg7 50. Kb7 Kh6 51. Kc6 Kg7
52. Kd6 Kh6 53. Ke6 Bb4 54. Kf5 Ba5 55. Bb3 Bb4 56. Ke4 Ba5 57. Kd4 Kg7 58. Be6
Kh6 59. Bf5 Kg7 1/2-1/2

[Event "11e tournoi d'automne - tournoi C"]
[Site "Montigny le Bretonneux"]
[Date "2012.10.28"]
[Round "2.4"]
[White "Krestinine, Michka"]
[Black "Engel, Gerard"]
[Result "1-0"]
[WhiteElo "1505"]
[BlackElo "1684"]
[PlyCount "71"]
[EventDate "2012.10.??"]
[EventType "tourn"]
[EventRounds "9"]
[EventCountry "FRA"]
[SourceDate "2005.09.12"]

{Défense sicilienne, attaque Sozin} 1. e4 c5 2. Nf3 d6 3. d4 cxd4 4. Nxd4 Nf6
5. Nc3 a6 6. Bc4 e6 7. O-O Be7 8. f4 Qc7 9. Bd3 Nc6 10. Be3 Nxd4 11. Bxd4 e5
12. Be3 b5 13. a3 O-O 14. Qd2 Bb7 15. Rad1 Rfd8 16. Qf2 Ng4 17. Bb6 Qc6 18. Nd5
Re8 19. Qg3 Nf6 20. Nxf6+ Bxf6 21. Be3 Rad8 22. Rf2 exf4 23. Bxf4 Bxb2 24. c4
Re6 25. Rxb2 Rg6 26. cxb5 axb5 27. Qe3 Qd7 28. Bxb5 Qg4 29. Rdd2 Qc8 30. Rbc2
Qa8 31. Rd4 Re6 32. e5 g5 33. Bxg5 Rxe5 34. Qxe5 Re8 35. Qxe8+ Qxe8 36. Bxe8
1-0

[Event "11e tournoi d'automne - tournoi A"]
[Site "Montigny le Bretonneux"]
[Date "2012.10.29"]
[Round "3.1"]
[White "Girard, Eric"]
[Black "Trommsdorf, Fro"]
[Result "1-0"]
[WhiteElo "2122"]
[BlackElo "2040"]
[PlyCount "41"]
[EventDate "2012.10.??"]
[EventType "tourn"]
[EventRounds "9"]
[EventCountry "FRA"]
[SourceDate "2005.09.12"]

{Ouverture anglaise, variante des quatre cavaliers, structure du dragon} 1. c4
Nf6 2. Nc3 e5 3. Nf3 Nc6 4. g3 Bb4 5. Bg2 O-O 6. O-O d6 7. d3 Bxc3 8. bxc3 Bd7
9. Rb1 Rb8 10. h3 Re8 11. e4 b6 12. Nh4 Qc8 13. Kh2 Qa6 14. Bg5 Qxa2 15. Bxf6
gxf6 16. Qf3 Qd2 17. Qxf6 Re6 18. Qf3 Qxc3 19. Nf5 Rbe8 20. Qg4+ Rg6 21. Nh6+
1-0

[Event "11e tournoi d'automne - tournoi A"]
[Site "Montigny le Bretonneux"]
[Date "2012.10.29"]
[Round "3.2"]
[White "Plantet, Marc"]
[Black "Fruchard, Cyrille"]
[Result "0-1"]
[WhiteElo "1869"]
[BlackElo "1902"]
[PlyCount "58"]
[EventDate "2012.10.??"]
[EventType "tourn"]
[EventRounds "9"]
[EventCountry "FRA"]
[SourceDate "2005.09.12"]

{Défense française, variante MacCutcheon} 1. e4 e6 2. d4 d5 3. Nc3 Nf6 4. Bg5
Bb4 5. e5 h6 6. Bd2 Bxc3 7. bxc3 Ne4 8. Qg4 Nxd2 9. Qxg7 Rf8 10. Kxd2 c5 11.
Qxh6 Qa5 12. Nf3 Nc6 13. Qe3 Rg8 14. g3 Rg4 15. Kd1 Qb6 16. Bh3 cxd4 17. Qh6
Rg8 18. cxd4 Nxd4 19. Nxd4 Qxd4+ 20. Ke2 Qc4+ 21. Kd1 Qc3 22. Rb1 Qf3+ 23. Kd2
d4 24. Rhe1 Qc3+ 25. Kd1 Bd7 26. Qd2 Rh8 27. Qxc3 dxc3 28. Bg2 Rxh2 29. Rh1
Rxg2 0-1

[Event "11e tournoi d'automne - tournoi A"]
[Site "Montigny le Bretonneux"]
[Date "2012.10.29"]
[Round "3.3"]
[White "Gouanelle, Franck"]
[Black "Veron, Cyprien"]
[Result "1-0"]
[WhiteElo "2100"]
[BlackElo "2052"]
[PlyCount "81"]
[EventDate "2012.10.??"]
[EventType "tourn"]
[EventRounds "9"]
[EventCountry "FRA"]
[SourceDate "2005.09.12"]

{Défense est-indienne, variante Taïmanov} 1. Nf3 Nf6 2. c4 d6 3. d4 g6 4. Nc3
Bg7 5. e4 O-O 6. Be2 e5 7. O-O Nc6 8. d5 Ne7 9. Ne1 Ne8 10. f3 f5 11. g4 f4 12.
h4 h6 13. Nd3 Bf6 14. Qe1 Kh7 15. Kg2 c6 16. a4 a5 17. b4 b6 18. Bd2 cxd5 19.
cxd5 Ba6 20. b5 Bb7 21. Qf2 Rc8 22. Rfc1 Rg8 23. Be1 Ng7 24. Qg1 Ngf5 25. Qh2
Ne3+ 26. Kh1 N7f5 27. Nd1 Nc2 28. gxf5 Nxa1 29. fxg6+ Rxg6 30. Rxa1 Qe7 31. Bf1
Rcg8 32. Ra2 Bxh4 33. Qxh4 Rg1+ 34. Kh2 Qxh4+ 35. Bxh4 Rxf1 36. N1f2 Bc8 37.
Rc2 h5 38. Rc7+ Kh6 39. Rc6 Rfg1 40. Rxc8 R8g2+ 41. Kh3 1-0

[Event "11e tournoi d'automne - tournoi A"]
[Site "Montigny le Bretonneux"]
[Date "2012.10.29"]
[Round "3.4"]
[White "Ben Khelifa, Noomene"]
[Black "Forissier, Nicolas"]
[Result "1-0"]
[WhiteElo "2093"]
[BlackElo "1938"]
[PlyCount "72"]
[EventDate "2012.10.??"]
[EventType "tourn"]
[EventRounds "9"]
[EventCountry "FRA"]
[SourceDate "2005.09.12"]

{Défense Grünfeld, variante Sokolsky} 1. d4 Nf6 2. c4 g6 3. Nc3 d5 4. cxd5 Nxd5
5. e4 Nxc3 6. bxc3 Bg7 7. Bc4 O-O 8. Ne2 c5 9. Be3 Nc6 10. O-O cxd4 11. cxd4
Bg4 12. f3 Na5 13. Bd3 Bd7 14. Rc1 b5 15. Qd2 a6 16. d5 Nb7 17. Kh1 Rc8 18.
Rxc8 Qxc8 19. Bf4 Qa8 20. Qb4 e5 21. Be3 Re8 22. Rc1 Bf8 23. Qb2 Qb8 24. a4
bxa4 25. Rb1 a3 26. Qa2 Qc7 27. Bb6 Qd6 28. Bxa6 Rb8 29. Ba7 Ra8 30. Rb6 Rxa7
31. Rxd6 Bxd6 32. Bc4 Na5 33. Bd3 Rb7 34. Nc1 Rb2 35. Qa1 Rd2 36. Be2 Rb2 1-0

[Event "11e tournoi d'automne - tournoi A"]
[Site "Montigny le Bretonneux"]
[Date "2012.10.29"]
[Round "3.5"]
[White "Van Dongen, Patrick"]
[Black "Smati, Reda"]
[Result "1-0"]
[WhiteElo "2320"]
[BlackElo "2011"]
[PlyCount "72"]
[EventDate "2012.10.??"]
[EventType "tourn"]
[EventRounds "9"]
[EventCountry "FRA"]
[SourceDate "2005.09.12"]

{Défense sicilienne, variante Rossolimo} 1. e4 c5 2. Nf3 Nc6 3. Bb5 Nf6 4. e5
Nd5 5. O-O Nc7 6. Bxc6 dxc6 7. h3 g6 8. d3 Bg7 9. Be3 Ne6 10. Re1 O-O 11. Nbd2
f5 12. exf6 exf6 13. Nb3 b6 14. Qc1 Qd5 15. Bh6 Qh5 16. Bxg7 Kxg7 17. Re4 g5
18. Qe3 Nf4 19. Nbd2 Nd5 20. Qe1 Qg6 21. Nf1 Bf5 22. Re2 Rae8 23. Ne3 Bd7 24.
Nxd5 cxd5 25. Nh2 h5 26. Re7+ Rxe7 27. Qxe7+ Rf7 28. Qd6 d4 29. Re1 f5 30. Qb8
g4 31. h4 Bc6 32. Nf1 Qf6 33. Ng3 Kg6 34. Ne2 f4 35. Nxf4+ Qxf4 36. Re6+ Rf6
1-0